00531nam a2200157Ia 450000500170000000800410001708200150005810000240007324500710009726000630016830000110023165000130024294200060025595200970026199900150035820240403021514.0240331s9999 xx 000 0 und d bCOOa328.4 aCooray, A.L. Joseph 0aConstitutional government and human rights in a developing society a Colombo :b united nations international seminar /c1969. a81 p., aSociety. cL 001040708LaWERCLbWERCLcSSCd2024-03-31l0o 328.4 COOp1711r2024-03-31w2024-03-31yL c2558d2558